000 00674nam a2200181 i 4500
001 188059
003 SpMaBN
005 20250822063239.0
008 180420s1933 sp |||| | cat d
080 _a94(460.27 M.)"1931/39"(093.3)
100 1 _aPla, Josep,
_d1897-1981
_9164614
245 1 0 _aMadrid
_b: l'adveniment de la República /
_cJosep Pla.
260 _aBarcelona :
_bBiblioteca Catalana D'Autors Independents,
_c1933.
300 _a197 p. ;
_c18 cm.
651 4 _aMadrid-
_xHistoria-
_y1931-1939-
_vRelatos personales.
_9164668
852 _aES-MaACL
_jL-31939
_z. - Donat. herederos de la bibl. de Mª del Pilar Costa Palacín
999 _c188059
_d188059